000 00835nas a2200277 4500
001 BR9604833
003 BR-BrBNA
005 20231205095806.0
007 ta
008 230509b bl.|||p| |||| 00| 00por d
040 _aBR-BrBNA
_bpor
_cBiblioteca Nacional de Agricultura
041 _a(Pt)
072 _aH20
100 1 _aAnjos, J.R.N. dos
100 1 _aSilva, D.B. da
100 1 _aCharchar, M.J.D.
100 1 _aRodrigues, G.C.
245 1 _aOcorrencia de brusone (Pyricularia grisea)em trigo e centeio na regiao dos cerrados do Brasil Central
650 _aTrigo
650 _aCenteio
650 _aBrusone
650 _aCerrado
773 0 _tPesquisa Agropecuaria Brasileira (Brazil)
_xISSN 0100-204X
_g(Jan 1996), v. 31(1) p. 79-82
_wBR9604833
909 _a202311
_bLúcia
_c55
_dLúcia Elande
942 _2AGRIS
_n0
_cANA
999 _c152738
_d152738